Statistiques concernant CSGO Top 20 HLTV 2021

Cliquez ici pour prendre le quiz!

Statistiques générales

  • Ce quiz a été pris 32 fois
  • Le résultat moyen est 15 sur 20

Statistiques - réponses

Top #CountryPlayer% Correct
1Ukraines1mple
100%
3Bosnia and HerzegovinaNiKo
95%
2FranceZywOo
95%
12Bosnia and HerzegovinahuNter-
85%
9Ukraineb1t
80%
7RussiaelectroNic
80%
17CanadaTwistzz
80%
11Denmarkdev1ce
75%
15BrazilKSCERATO
75%
18Estoniaropz
75%
4Russiash1ro
75%
5RussiaAx1Le
70%
19USAEliGE
70%
6KazakhstanHObbit
70%
14CanadaNAF
70%
20Latviabroky
65%
13DenmarkblameF
60%
16Denmarkstavn
55%
8LatviaYEKINDAR
55%
10RussiaJame
35%

Distribution des résultats

Percentile par nombre de réponses

% des personnes avec chaque résultat

Votre développement - résultats

Vous n’avez pas pris ce quiz